000 00889nam a2200265Ia 4500
003 OSt
005 20220930072704.0
006 a|||||r|||| 00| 0
007 ta
008 220926b |||||||| |||| 00| 0 eng d
024 _a24761
037 _cTheses
040 _aCRL
_cCRL
_beng
041 _2eng
_aeng
100 _aDutta Kabitta
_9530269
110 _aUniversity of Delhi. Faculty of Medical Sciences. Department of Pathology
245 0 _aFine needle aspiration cytology
_b Comparison with serological markers in clinically suspicious cases of tuberculosis
260 _c1998
300 _a59p.
_ap.
_ccm.
650 _aPATHOLOGY
_9174058
700 _a Dr J R Bhardwaj Supervisor
_9520802
700 _aUniversity of Delhi. Faculty of Medical Sciences. Department of Pathology
942 _cDIS
_2CC
999 _c864196
_d864196